| 000 | 00619nam a22001577a 4500 | ||
|---|---|---|---|
| 003 | OSt | ||
| 005 | 20151130160344.0 | ||
| 008 | 151130b xxu||||| |||| 00| 0 eng d | ||
| 040 | _cRUA | ||
| 082 | _aFIS IV 1997 B171 Or.1 | ||
| 100 |
_94045 _aIV BONNAKAR |
||
| 245 | _aThe process of establishing fisheries community in preah sihanouk ream national park, ដំណើរការរៀបចំសហគមន៍ជនបទជលផលនៅតំបន់ ឧទ្យានជាតិព្រះសីហនុ (រាម). | ||
| 260 |
_aPhnom Penh _bRUA _c1997 |
||
| 300 |
_a36p. _bill. _c29cm. |
||
| 942 |
_2ddc _cFIS |
||
| 999 |
_c3764 _d3764 |
||